Atles de recursos sobre immigració estrangera de la província de Barcelona / Autors : Rafael Crespo, Carmen Delgado Rafael Crespo, Carmen Delgado
Descripción Física:
233 p. : il. col. ; 24 cm
Otros Autores:
Delgado García, Carmen
MARC
| LEADER | 00000nam a2200000Ia 4500 | ||
|---|---|---|---|
| 001 | 12827 | ||
| 008 | 160829s2000 xx 000 0 cat d | ||
| 080 | |a S-1-26 | ||
| 100 | 1 | |a Crespo, Rafael |9 38062 | |
| 245 | |a Atles de recursos sobre immigració estrangera de la província de Barcelona / Autors : |b Rafael Crespo, Carmen Delgado | ||
| 260 | |a Barcelona : |b Diputació de Barcelona. Area de Serveis Socials, |c 2000 | ||
| 300 | |a 233 p. : |b il. col. ; |c 24 cm | ||
| 650 | 0 | |a Immigrants |x Serveis socials |z Barcelona (Província) |9 36296 | |
| 651 | 0 | |a Barcelona (Catalunya : Província) |x Emigració i immigració |9 52863 | |
| 700 | |a Delgado García, Carmen |9 35078 | ||
| 710 | |a Barcelona (Catalunya : Província). |b Àrea de Serveis Socials |9 53159 | ||
| 901 | |a Arxiu | ||
| 942 | |n 1 | ||
| 952 | |0 0 |1 0 |4 0 |6 S126 |7 1 |9 47279 |a Arxiu |b Arxiu |d 2016-12-01 |l 0 |o S-1-26 |p 12827 |r 2016-12-01 00:00:00 |w 2016-12-01 |y ARXIU | ||
| 999 | |c 51076 |d 51076 | ||